000 00474nam a22001577a 4500
999 _c12229
_d12229
008 220823b ||||| |||| 00| 0 eng d
020 _a9788171383467
082 _a891.433
_bMUD
100 _aMudgal, Chitra
245 _aPost box no. 203 : Naala Sopara (पोस्ट बॉक्स नं. 203 नाला सोपारा )
260 _aNew Delhi
_bSamayik prakashan
_c2022
300 _a223p.
650 _aIndia
650 _aTransgender people
942 _cBK